[Event "C.to Provinciale CO"]
[Site "Villa Guardia ITA"]
[Date "2013.01.26"]
[Round "5"]
[White "Coppola, Guido"]
[Black "Poletto, Daniele"]
[WhiteElo "1992"]
[BlackElo "1713"]
[Result "1-0"]
[PlyCount "117"]
[EventDate "2013.01.19"]

1. e4 c5 2. Nf3 e6 3. d3 g6 4. g3 Bg7 5. Bg2 Nc6 6. O-O Nge7 7. Nbd2 O-O 8. Re1
e5 9. Nf1 h6 10. h4 d6 11. c3 Be6 12. N3h2 f5 13. exf5 gxf5 14. f4 Qd7 15. Qe2
Bd5 16. Nf3 e4 17. dxe4 Bxe4 18. Be3 b6 19. Bf2 d5 20. Rad1 Qe6 21. N3d2 Rad8
22. Bh3 Qg6 23. Nb3 Kh8 24. Nfd2 Bf6 25. Kh2 Bc2 26. Rc1 Be4 27. Nxe4 dxe4 28.
Red1 Qg8 29. Qh5 Qh7 30. Nd2 Bg7 31. Nc4 Qg6 32. Qxg6 Nxg6 33. Ne3 Nge7 34.
Rxd8 Rxd8 35. Rc2 Rf8 36. Rd2 Kh7 37. Rd6 Kh8 38. Nxf5 Nxf5 39. Bxf5 Rxf5 40.
Rxc6 Rd5 41. g4 Rd2 42. Kg1 Rxb2 43. f5 Bxc3 44. Rxh6+ Kg7 45. Re6 Rxa2 46.
Rxe4 Ra1+ 47. Kg2 Ra2 48. Kg3 Ra3 49. Kf4 Bd2+ 50. Ke5 Rf3 51. Re2 Bc3+ 52. Ke4
Rh3 53. g5 Rh2 54. Bd4+ Bxd4 55. Rxh2 a5 56. h5 a4 57. h6+ Kh8 58. f6 Bxf6 59.
gxf6 1-0

[Event "C.to Provinciale CO"]
[Site "Villa Guardia ITA"]
[Date "2013.01.26"]
[Round "5"]
[White "Corti, Filippo"]
[Black "Bellotto, Stefano"]
[WhiteElo "1630"]
[BlackElo "1998"]
[Result "0-1"]
[PlyCount "82"]
[EventDate "2013.01.19"]

1. Nf3 c5 2. g3 d5 3. Bg2 Nc6 4. d3 e5 5. O-O Nge7 6. e4 d4 7. a4 Ng6 8. Na3
Be7 9. Nc4 h5 10. h4 Bg4 11. Qd2 Qd7 12. Na5 O-O-O 13. Nxc6 Qxc6 14. Qa5 Kb8
15. Ng5 Bxg5 16. Bxg5 f6 17. Bd2 b6 18. Qa6 Ne7 19. b4 Bc8 20. Qb5 cxb4 21.
Bxb4 a6 22. Qxc6 Nxc6 23. Bd2 Bd7 24. Rfb1 Ka7 25. f4 Rc8 26. fxe5 Nxe5 27. Rb2
Rc6 28. a5 b5 29. Bf4 Rhc8 30. Rb4 Rxc2 31. Rxd4 Be6 32. Bxe5 fxe5 33. Rd6 R2c6
34. Rxe6 Rxe6 35. Bh3 Ree8 36. Bxc8 Rxc8 37. Rf1 Kb7 38. Rf5 b4 39. Rf2 b3 40.
Rf1 b2 41. Rf7+ Rc7 0-1

[Event "C.to Provinciale CO"]
[Site "Villa Guardia ITA"]
[Date "2013.01.26"]
[Round "5"]
[White "Corti, Massimo"]
[Black "Colombo, Luca"]
[WhiteElo "1986"]
[BlackElo "1880"]
[Result "1-0"]
[PlyCount "61"]
[EventDate "2013.01.19"]

1. d4 Nf6 2. Nf3 c5 3. d5 d6 4. c4 g6 5. Nc3 Bg7 6. e4 O-O 7. Be2 Na6 8. O-O
Nc7 9. h3 a6 10. a4 Bd7 11. a5 Rb8 12. Bf4 b5 13. axb6 Rxb6 14. Qc1 Qb8 15. Ra2
Qb7 16. e5 Nfe8 17. Ne4 f5 18. Nc3 Bh8 19. e6 Bc8 20. Ng5 Nf6 21. Qc2 Ne4 22.
Ngxe4 fxe4 23. Bc1 e3 24. fxe3 Rxf1+ 25. Bxf1 Bf6 26. Ne4 Ne8 27. g4 Ng7 28.
Qf2 h6 29. Nxf6+ exf6 30. Qxf6 Kh7 31. Bd3 1-0

[Event "C.to Provinciale CO"]
[Site "Villa Guardia ITA"]
[Date "2013.01.26"]
[Round "5"]
[White "Fantina, Carla"]
[Black "Gonella, Graziano"]
[WhiteElo "1458"]
[BlackElo "1181"]
[Result "0-1"]
[PlyCount "122"]
[EventDate "2013.01.19"]

1. c4 e6 2. g3 d5 3. Bg2 Nf6 4. cxd5 Nxd5 5. Nc3 Bc5 6. Nxd5 exd5 7. e3 c6 8.
Ne2 Nd7 9. O-O Nf6 10. d4 Be7 11. h3 Bd7 12. Qb3 b5 13. a4 Qc8 14. Kh2 bxa4 15.
Rxa4 c5 16. Ra2 c4 17. Qd1 Be6 18. Nc3 a6 19. Re1 O-O 20. e4 dxe4 21. Nxe4 Rb8
22. Bf4 Rb3 23. Nc3 Bb4 24. Re2 Rxc3 25. bxc3 Bxc3 26. Be5 Nd5 27. Rac2 f6 28.
Bf4 Bb4 29. Bc1 Nc3 30. Qf1 Nxe2 31. Qxe2 Re8 32. Be3 Bd7 33. Bd5+ Be6 34.
Bxe6+ Rxe6 35. Qxc4 Qxc4 36. Rxc4 a5 37. d5 Rd6 38. Rd4 g5 39. Rd1 Kf7 40. f4
h6 41. h4 Kg6 42. Kh3 Kf5 43. Bc1 Ke4 44. Bb2 gxf4 45. Rd4+ Ke5 46. Rxb4+ Kxd5
47. Rb5+ Ke4 48. Rxa5 f3 49. Ra4+ Kd3 50. Rf4 Ke2 51. Bd4 Kd3 52. Bg1 Ke2 53.
Kg4 Rd1 54. Re4+ Kf1 55. Be3 Kg2 56. Rf4 h5+ 57. Kxh5 Kxg3 58. Rxf6 Rh1 59.
Rg6+ Kh3 60. Rg3+ Kxg3 61. Kg5 Rxh4 0-1

[Event "C.to Provinciale CO"]
[Site "Villa Guardia ITA"]
[Date "2013.01.26"]
[Round "5"]
[White "Ghelfi, Giancarlo"]
[Black "Aldeghi, Damiano"]
[WhiteElo "1642"]
[BlackElo "1434"]
[Result "0-1"]
[PlyCount "91"]
[EventDate "2013.01.19"]

1. e4 e5 2. Nf3 Nc6 3. Bb5 Bd6 4. c3 Nf6 5. Qe2 h6 6. O-O a6 7. Ba4 O-O 8. d4
b5 9. Bc2 exd4 10. cxd4 Bb4 11. Qd3 d6 12. Nc3 Bxc3 13. bxc3 Ne7 14. Bf4 Ng6
15. Bg3 Nh5 16. Bb3 Qf6 17. Rae1 Re8 18. Bc2 Nxg3 19. fxg3 Qe6 20. Bb3 Qg4 21.
Nd2 Be6 22. h3 Qg5 23. Rf2 Bxb3 24. axb3 Rf8 25. Ref1 Qe7 26. b4 Rae8 27. h4
Qd7 28. h5 Nh8 29. Rf4 c6 30. Nb3 Re6 31. d5 Re5 32. dxc6 Qxc6 33. Nd4 Qb6 34.
g4 Rfe8 35. Kh2 d5 36. exd5 Rxd5 37. Qf3 Rd7 38. Qg3 Rde7 39. R1f3 Re5 40. Rf5
f6 41. Qf2 Nf7 42. Rxe5 Rxe5 43. Re3 Qd6 44. Kh3 Ng5+ 45. Kh4 Rxe3 46. Qxe3 0-1

[Event "C.to Provinciale CO"]
[Site "Villa Guardia ITA"]
[Date "2013.01.26"]
[Round "5"]
[White "Grassetto, Gilberto"]
[Black "Guzzetti, Luigi Enrico"]
[WhiteElo "1859"]
[BlackElo "1917"]
[Result "1/2-1/2"]
[PlyCount "92"]
[EventDate "2013.01.19"]

1. d4 Nf6 2. c4 g6 3. Nc3 Bg7 4. e4 d6 5. f3 O-O 6. Be3 Nbd7 7. Bd3 a6 8. Nge2
c6 9. Qd2 b5 10. O-O Qc7 11. Rab1 b4 12. Na4 c5 13. d5 Ne5 14. b3 Bd7 15. Nb2
Nxd3 16. Nxd3 a5 17. h3 a4 18. Nf2 axb3 19. axb3 Ra3 20. Ng3 Rfa8 21. Qd3 e6
22. dxe6 Bxe6 23. f4 Nd7 24. Rfd1 Bf8 25. Bc1 Ra2 26. Bb2 Nb8 27. f5 Bc8 28.
Ng4 Nd7 29. fxg6 hxg6 30. Qf3 Bg7 31. Bxg7 Kxg7 32. h4 Ne5 33. Qf6+ Kh7 34.
Nxe5 dxe5 35. Rd8 Qxd8 36. Qxd8 Rxg2+ 37. Kxg2 Bh3+ 38. Kxh3 Rxd8 39. h5 Rd3
40. hxg6+ fxg6 41. Kg4 Re3 42. Rb2 Kg7 43. Rb1 Kh6 44. Kh3 Kg5 45. Rb2 Kf4 46.
Rf2+ Kg5 1/2-1/2

[Event "C.to Provinciale CO"]
[Site "Villa Guardia ITA"]
[Date "2013.01.26"]
[Round "5"]
[White "Laricini, Alberto"]
[Black "Tavasci, Alfio"]
[WhiteElo "1801"]
[BlackElo "1640"]
[Result "1-0"]
[PlyCount "79"]
[EventDate "2013.01.19"]

1. d4 g6 2. Nf3 Bg7 3. c4 d6 4. Nc3 Nd7 5. Bg5 h6 6. Bh4 g5 7. Bg3 e6 8. h3 b6
9. e4 Bb7 10. Be2 Ne7 11. O-O a6 12. Rc1 Ng6 13. Qd2 Nf6 14. Qc2 g4 15. hxg4
Nxg4 16. Rfd1 Qe7 17. Qa4+ Kf8 18. Qc2 h5 19. c5 h4 20. cxd6 cxd6 21. Bh2 Bh6
22. Rb1 Bf4 23. Bxf4 Nxf4 24. Nh2 Nxh2 25. Kxh2 Qg5 26. Rg1 h3 27. g3 Ng2 28.
Qd3 Ke7 29. Bf3 Qf6 30. d5 e5 31. Qe2 Qh6 32. Rbc1 b5 33. a3 Rac8 34. Na2 Rc5
35. b4 Rcc8 36. Rgd1 Kd7 37. Bg4+ Ke7 38. Bxc8 Bxc8 39. Rc7+ Kf6 40. Qf3+ 1-0

[Event "C.to Provinciale CO"]
[Site "Villa Guardia ITA"]
[Date "2013.01.26"]
[Round "5"]
[White "Lipari, Alberto"]
[Black "Primerano, Carlo"]
[WhiteElo "1581"]
[BlackElo "1784"]
[Result "1-0"]
[PlyCount "67"]
[EventDate "2013.01.19"]

1. c4 e5 2. Nc3 g6 3. g3 Bg7 4. Bg2 f5 5. d3 Nf6 6. Nf3 d6 7. Bg5 c6 8. Nd2 O-O
9. Qb3 Qb6 10. Qa3 Qc7 11. b4 Nh5 12. b5 b6 13. bxc6 Kh8 14. Nb5 Qf7 15. Nxd6
Qg8 16. c7 e4 17. Rb1 Nc6 18. dxe4 h6 19. Be3 f4 20. Bxb6 fxg3 21. hxg3 Bd7 22.
Bc5 Nd4 23. Bxd4 Bxd4 24. e3 Bc5 25. e5 Rxf2 26. Bxa8 Nxg3 27. Kxf2 Nxh1+ 28.
Bxh1 Qf8+ 29. Bf3 g5 30. Qc3 Kg8 31. N6e4 Be6 32. Nf6+ Kg7 33. Ne8+ Kf7 34.
Bh5+ 1-0

[Event "C.to Provinciale CO"]
[Site "Villa Guardia ITA"]
[Date "2013.01.26"]
[Round "5"]
[White "Longo, Giovanni"]
[Black "Crippa, Matteo"]
[WhiteElo "1661"]
[BlackElo "1486"]
[Result "0-1"]
[PlyCount "44"]
[EventDate "2013.01.19"]

1. e4 e5 2. Nf3 Nc6 3. Bb5 a6 4. Ba4 Nf6 5. O-O Bc5 6. Bxc6 dxc6 7. d3 Qe7 8.
h3 Bd7 9. Bg5 h6 10. Bh4 g5 11. Bg3 Bd6 12. Nbd2 g4 13. hxg4 Bxg4 14. Bh4 Rg8
15. Kh2 Rg6 16. Qe1 O-O-O 17. Ng1 Rdg8 18. Bg3 h5 19. f3 Bd7 20. Qf2 Bc5 21.
Qe1 Rxg3 22. Ne2 Rxg2+ 0-1

[Event "C.to Provinciale CO"]
[Site "Villa Guardia ITA"]
[Date "2013.01.26"]
[Round "5"]
[White "Lotti, Riccardo"]
[Black "Carbone, Lorenzo"]
[WhiteElo "1353"]
[BlackElo "1725"]
[Result "0-1"]
[PlyCount "90"]
[EventDate "2013.01.19"]

1. c4 c5 2. Nc3 e6 3. g3 Nc6 4. Bg2 Nf6 5. e3 Be7 6. Nge2 Ne5 7. d4 Nxc4 8. Qb3
Nb6 9. O-O O-O 10. dxc5 Bxc5 11. Ne4 Nxe4 12. Bxe4 d5 13. Bg2 Nd7 14. Qc2 b6
15. a3 Ba6 16. b4 Be7 17. Re1 Rc8 18. Qb1 Qc7 19. b5 Bb7 20. Bb2 Qc2 21. a4 Bb4
22. Ba3 Bxe1 23. Qxc2 Rxc2 24. Nd4 Bxf2+ 25. Kf1 Rfc8 26. Nxc2 Rxc2 27. Bf3
Bxe3 28. Rd1 Rxh2 29. Be2 Rh1+ 30. Kg2 Rxd1 31. Bxd1 d4+ 32. Kf1 Bd5 33. Bd6
Bc4+ 34. Ke1 a6 35. bxa6 Bxa6 36. Bb3 d3 37. Kd1 Bc5 38. Bc7 Kf8 39. a5 bxa5
40. Bxa5 h5 41. Be1 e5 42. Bd5 Nf6 43. Bg2 e4 44. Bc3 Nd5 45. Ba5 Ne3+ 0-1

[Event "C.to Provinciale CO"]
[Site "Villa Guardia ITA"]
[Date "2013.01.26"]
[Round "5"]
[White "Mason, Giovanni"]
[Black "Ambrosoli, Nadia Manuela"]
[WhiteElo "1656"]
[BlackElo "1472"]
[Result "1-0"]
[PlyCount "65"]
[EventDate "2013.01.19"]

1. e4 c6 2. d4 d5 3. Nc3 dxe4 4. Nxe4 Bf5 5. f3 Nd7 6. Bc4 e6 7. c3 Ngf6 8. Qe2
h6 9. Bf4 c5 10. Nd6+ Bxd6 11. Bxd6 Qb6 12. Be5 O-O 13. g4 Bg6 14. Nh3 Nd5 15.
dxc5 Qxc5 16. Bd4 Qc7 17. O-O N7b6 18. Bb3 Rfe8 19. f4 f5 20. Rad1 fxg4 21. Be5
Qc5+ 22. Nf2 Bf5 23. Bd4 Qc7 24. Be5 Qf7 25. Ne4 Qg6 26. Ng3 h5 27. Nxf5 Qxf5
28. Bc2 Qf7 29. f5 exf5 30. Rxf5 Qe7 31. Rxh5 Qc5+ 32. Rd4 Nf4 33. Bh7+ 1-0

[Event "C.to Provinciale CO"]
[Site "Villa Guardia ITA"]
[Date "2013.01.26"]
[Round "5"]
[White "Moioli, Ferruccio"]
[Black "Buonocore, Elio"]
[WhiteElo "1648"]
[BlackElo "2189"]
[Result "0-1"]
[PlyCount "64"]
[EventDate "2013.01.19"]

1. d4 f5 2. Nf3 Nf6 3. Bf4 e6 4. e3 Be7 5. c4 d6 6. Nc3 O-O 7. h3 a6 8. Be2 Qe8
9. O-O Nc6 10. a3 Bd8 11. Re1 e5 12. dxe5 dxe5 13. Bh2 e4 14. Nd4 Ne5 15. c5 g5
16. b4 Ng6 17. f3 exf3 18. Bxf3 g4 19. hxg4 fxg4 20. Bd5+ Kh8 21. Bf4 c6 22.
Ba2 Nxf4 23. exf4 Qh5 24. Ne6 Bxe6 25. Rxe6 Qh4 26. Qe1 g3 27. Ne2 Nh5 28. Rh6
Qh2+ 29. Kf1 Qh1+ 30. Ng1 Rxf4+ 31. Ke2 Re4+ 32. Kd2 Bg5+ 0-1

[Event "C.to Provinciale CO"]
[Site "Villa Guardia ITA"]
[Date "2013.01.26"]
[Round "5"]
[White "Nastasi, Ivano"]
[Black "Zerboni, Giuseppe"]
[WhiteElo "1706"]
[BlackElo "1541"]
[Result "1-0"]
[PlyCount "109"]
[EventDate "2013.01.19"]

1. d4 d5 2. c4 c6 3. cxd5 cxd5 4. Nc3 Nf6 5. Nf3 e6 6. Bg5 Be7 7. e3 O-O 8. Bd3
h6 9. Bf4 Nc6 10. Rc1 Qa5 11. Nd2 a6 12. g4 Ne8 13. h4 Bd6 14. Bxd6 Nxd6 15. g5
Nf5 16. Bxf5 exf5 17. Nf3 Re8 18. gxh6 g6 19. h5 Qd8 20. hxg6 fxg6 21. Kd2 Be6
22. Qc2 Qf6 23. Rcg1 Re7 24. Ng5 Rc8 25. Nxe6 Nb4 26. Qb1 Qxe6 27. a3 Nc6 28.
Rxg6+ Qxg6 29. Rg1 Kh7 30. Rxg6 Kxg6 31. Nxd5 Rh7 32. Nf4+ Kf6 33. Qa2 Re8 34.
Nd5+ Kg6 35. Qb1 Re4 36. Nf4+ Kf6 37. Qh1 Nxd4 38. Qh4+ Ke5 39. Nd3+ Kd6 40.
Qg3+ Ke7 41. exd4 Kf6 42. f3 Re6 43. Ne5 Ke7 44. Ng6+ Kf6 45. Nf8 Rxh6 46. Nxe6
Kxe6 47. Qe5+ Kf7 48. Qxf5+ Rf6 49. Qd5+ Kg6 50. Qxb7 a5 51. Qe4+ Kf7 52. b4
axb4 53. axb4 Rg6 54. Qxg6+ Kxg6 55. b5 1-0

[Event "C.to Provinciale CO"]
[Site "Villa Guardia ITA"]
[Date "2013.01.26"]
[Round "5"]
[White "Rizzi, Pierantonio"]
[Black "Cairoli, Fabio"]
[WhiteElo "1401"]
[BlackElo "1386"]
[Result "0-1"]
[PlyCount "131"]
[EventDate "2013.01.19"]

1. Nf3 Nc6 2. e4 e5 3. Bc4 Be7 4. Nc3 d6 5. Nd5 Bg4 6. Be2 Nf6 7. c4 O-O 8. d3
Bxf3 9. Bxf3 Nd4 10. Be3 Ne6 11. O-O c6 12. Nxe7+ Qxe7 13. d4 Nxd4 14. Bxd4
exd4 15. Qxd4 Rfd8 16. Qe3 d5 17. e5 Ne8 18. cxd5 cxd5 19. Rad1 Nc7 20. b3 Rd7
21. Rfe1 Qe6 22. a4 f5 23. exf6 Qxe3 24. Rxe3 gxf6 25. Rd4 Kf7 26. h3 Rad8 27.
Bg4 Re7 28. Bh5+ Kf8 29. Rf3 Rd6 30. Bg4 Rf7 31. Rf5 Ke7 32. Rf3 Ne6 33. Rdd3
d4 34. Bh5 Rf8 35. g4 Nc5 36. Rd1 Ke6 37. b4 Nd7 38. Rfd3 Ke5 39. Re1+ Kd5 40.
Red1 Kc4 41. b5 Ne5 42. Ra3 Kb4 43. Raa1 d3 44. Kg2 Kc3 45. Rac1+ Kb4 46. Ra1
Rd7 47. h4 h6 48. Kg3 Rd4 49. g5 fxg5 50. hxg5 hxg5 51. Rdb1+ Ka5 52. Rf1 d2
53. Bd1 Rff4 54. f3 Nc4 55. Ra2 Rd6 56. Rc2 Rfd4 57. Kf2 Re6 58. Rc3 Kb4 59.
Rb3+ Kc5 60. Rc3 Kb4 61. Rb3+ Kc5 62. Rb1 Ne3 63. Rg1 Nxd1+ 64. Rbxd1 Re5 65.
Rg4 Rdd5 66. Kg2 0-1

[Event "C.to Provinciale CO"]
[Site "Villa Guardia ITA"]
[Date "2013.01.26"]
[Round "5"]
[White "Rosini, Luca Ungaro"]
[Black "Petetta, Roberto"]
[WhiteElo "1368"]
[BlackElo "1660"]
[Result "0-1"]
[PlyCount "142"]
[EventDate "2013.01.19"]

1. d4 d5 2. c4 e6 3. Nc3 Nf6 4. Bg5 Nbd7 5. e3 Be7 6. cxd5 Nxd5 7. Bxe7 Qxe7 8.
e4 N5b6 9. Nf3 a6 10. Bd3 O-O 11. O-O c5 12. d5 exd5 13. Nxd5 Nxd5 14. exd5 Nf6
15. Re1 Qd6 16. Re5 b5 17. Qe2 Bb7 18. Rd1 Rfe8 19. Re3 Rxe3 20. fxe3 Nxd5 21.
Bxh7+ Kxh7 22. Qd3+ Qg6 23. Ng5+ Kh6 24. e4 Nf4 25. Qd7 Qxg5 26. Rd6+ f6 27. g3
Bxe4 28. Kf2 Nh5 29. Qh3 Qf5+ 30. Qxf5 Bxf5 31. Kf3 Nxg3 32. hxg3 c4 33. g4 Bd3
34. Kf4 Kg6 35. g5 a5 36. gxf6 gxf6 37. Rd5 b4 38. b3 cxb3 39. axb3 Bc2 40. Ke3
Bxb3 41. Rd3 Bc2 42. Rd2 b3 43. Rg2+ Kf5 44. Rf2+ Ke5 45. Kd2 Rd8+ 46. Kc3 Rd3+
47. Kb2 f5 48. Re2+ Kf4 49. Rf2+ Rf3 50. Rd2 Ke4 51. Rd7 Rd3 52. Ra7 Rd5 53.
Re7+ Kf3 54. Kc3 f4 55. Kc4 Rd3 56. Re5 b2 57. Rb5 b1=Q 58. Rxb1 Bxb1 59. Kb5
Rd5+ 60. Kc4 Ke4 61. Kb3 f3 62. Kb2 Bd3 63. Kc3 Be2 64. Kb2 f2 65. Kc3 f1=Q 66.
Kb2 Qd1 67. Kc3 Rc5+ 68. Kb2 Qc1+ 69. Kb3 Qb1+ 70. Ka4 Bd1+ 71. Ka3 Qb3# 0-1

[Event "C.to Provinciale CO"]
[Site "Villa Guardia ITA"]
[Date "2013.01.26"]
[Round "5"]
[White "Rossi, Giampiero"]
[Black "Revinelli, Sergio"]
[WhiteElo "1898"]
[BlackElo "1824"]
[Result "1-0"]
[PlyCount "47"]
[EventDate "2013.01.19"]

1. d4 d5 2. c4 c6 3. cxd5 cxd5 4. Nc3 Nc6 5. Nf3 Nf6 6. Bf4 Ne4 7. e3 Nxc3 8.
bxc3 g6 9. Bb5 Bg7 10. Ne5 Bxe5 11. Bxe5 O-O 12. Bg3 Qa5 13. Qb3 Bd7 14. Be2 a6
15. O-O Nd8 16. Rfc1 Ba4 17. Qa3 Nc6 18. Rab1 Ra7 19. Bf3 Rd8 20. c4 e6 21.
cxd5 exd5 22. Rc5 Bb5 23. Qxa5 Nxa5 24. Bc7 1-0

[Event "C.to Provinciale CO"]
[Site "Villa Guardia ITA"]
[Date "2013.01.26"]
[Round "5"]
[White "Rossini, Fulvio"]
[Black "Gonella, Daniele"]
[WhiteElo "1718"]
[BlackElo "2141"]
[Result "0-1"]
[PlyCount "80"]
[EventDate "2013.01.19"]

1. e4 c5 2. Nc3 Nc6 3. f4 e6 4. Nf3 g6 5. d3 Bg7 6. g3 Nge7 7. Bg2 O-O 8. O-O
d6 9. Be3 b6 10. e5 d5 11. d4 Nf5 12. Bf2 Ba6 13. Re1 cxd4 14. Nxd4 Ncxd4 15.
Bxd4 Rc8 16. Ne2 Qc7 17. c3 Rfd8 18. g4 Ne7 19. Ng3 Nc6 20. Bf1 Bxf1 21. Rxf1
Bf8 22. Kg2 b5 23. a3 a5 24. Ne2 Rd7 25. Qd3 b4 26. axb4 axb4 27. Rfc1 Qb7 28.
f5 Bh6 29. Rf1 Qb8 30. fxe6 fxe6 31. g5 Bg7 32. Qh3 Re8 33. Ra6 Qb5 34. Rb6
Qxe2+ 35. Kg1 Nxd4 36. cxd4 Rf7 37. Rxf7 Kxf7 38. Qxh7 Qe3+ 39. Kg2 Qxg5+ 40.
Kf2 Rf8 0-1

[Event "C.to Provinciale CO"]
[Site "Villa Guardia ITA"]
[Date "2013.01.27"]
[Round "6"]
[White "Aldeghi, Damiano"]
[Black "Corti, Filippo"]
[WhiteElo "1434"]
[BlackElo "1630"]
[Result "0-1"]
[PlyCount "80"]
[EventDate "2013.01.19"]

1. e4 c6 2. Nf3 g6 3. Bc4 Bg7 4. Nc3 e6 5. d4 Nf6 6. Bg5 h6 7. Bh4 d5 8. Bb3 g5
9. Bg3 Nxe4 10. Nxe4 dxe4 11. Ne5 Nd7 12. Bxe6 Qa5+ 13. c3 Nxe5 14. Bxe5 Bxe5
15. Bxc8 Rxc8 16. Qg4 O-O 17. dxe5 Qxe5 18. O-O f5 19. Qe2 Rfd8 20. Rfd1 Kg7
21. Rd2 Rxd2 22. Qxd2 Qd5 23. Rd1 Rd8 24. Qxd5 Rxd5 25. Rxd5 cxd5 26. Kf1 Kf6
27. Ke2 f4 28. a4 a5 29. Kd2 Ke5 30. h3 d4 31. c4 e3+ 32. fxe3 dxe3+ 33. Kd3
Kd6 34. Kc3 Kc5 35. b3 b6 36. Kd3 Kb4 37. Kc2 e2 38. Kd2 Kxb3 39. Kxe2 Kxa4 40.
Kd3 Kb3 0-1

[Event "C.to Provinciale CO"]
[Site "Villa Guardia ITA"]
[Date "2013.01.27"]
[Round "6"]
[White "Bellotto, Stefano"]
[Black "Bernasconi, Roberto"]
[WhiteElo "1998"]
[BlackElo "1964"]
[Result "1/2-1/2"]
[PlyCount "20"]
[EventDate "2013.01.19"]

1. d4 d5 2. Nf3 Nf6 3. Bf4 e6 4. h3 Nbd7 5. e3 c6 6. Bd3 Be7 7. O-O O-O 8. Nbd2
Re8 9. c3 b6 10. Qc2 Bb7 1/2-1/2

[Event "C.to Provinciale CO"]
[Site "Villa Guardia ITA"]
[Date "2013.01.27"]
[Round "6"]
[White "Colombo, Luca"]
[Black "Lipari, Alberto"]
[WhiteElo "1880"]
[BlackElo "1581"]
[Result "1-0"]
[PlyCount "93"]
[EventDate "2013.01.19"]

1. e4 g6 2. d4 Bg7 3. Nc3 d6 4. h3 e5 5. dxe5 Bxe5 6. Nf3 Nc6 7. Nxe5 dxe5 8.
Qxd8+ Nxd8 9. Nd5 Ne6 10. Be3 c6 11. Nb4 a5 12. Nd3 f6 13. c3 Ne7 14. Nc5 O-O
15. Bc4 Kf7 16. O-O-O b5 17. Bxe6+ Bxe6 18. Nxe6 Kxe6 19. Bc5 Rfd8 20. Kc2 f5
21. f3 h5 22. Rxd8 Rxd8 23. Bb6 Ra8 24. Rd1 a4 25. Bc5 Nc8 26. Rd8 Kf7 27. Kd3
Ke6 28. exf5+ Kxf5 29. Rf8+ Ke6 30. Ke4 g5 31. Re8+ Kf6 32. Rxe5 Rb8 33. Rf5+
Kg6 34. Ke5 Rb7 35. Rf6+ Kg7 36. Rxc6 Ne7 37. Re6 Ng6+ 38. Kd6 Nf4 39. Bd4+ Kh7
40. Re5 Kg6 41. h4 gxh4 42. Be3 Rf7 43. Rxb5 Rf6+ 44. Kd7 Rf7+ 45. Ke8 Ne6 46.
Rb6 Rf8+ 47. Ke7 1-0

[Event "C.to Provinciale CO"]
[Site "Villa Guardia ITA"]
[Date "2013.01.27"]
[Round "6"]
[White "Corti, Massimo"]
[Black "Rossi, Giampiero"]
[WhiteElo "1986"]
[BlackElo "1898"]
[Result "1/2-1/2"]
[PlyCount "139"]
[EventDate "2013.01.19"]

1. d4 d5 2. c4 e6 3. Nc3 c6 4. Nf3 Nf6 5. Bg5 Nbd7 6. e3 Qa5 7. Nd2 Bb4 8. Qc2
O-O 9. Be2 dxc4 10. Bxf6 Nxf6 11. Nxc4 Bxc3+ 12. bxc3 Qc7 13. O-O b6 14. a4 Ba6
15. a5 Bxc4 16. axb6 axb6 17. Bxc4 Rfd8 18. Rfb1 c5 19. Rxa8 Rxa8 20. Qe2 cxd4
21. cxd4 h6 22. h3 Rb8 23. Rb4 Qd6 24. Qb2 Qc7 25. Bd3 Nd5 26. Rb3 Rc8 27. Be4
Qc1+ 28. Kh2 Qxb2 29. Rxb2 Rc6 30. Bf3 Rd6 31. e4 Ne7 32. e5 Rxd4 33. Rxb6 Ng6
34. Rb8+ Kh7 35. Rb5 Rf4 36. Kg3 Rd4 37. Kh2 Nf4 38. g4 Nd3 39. Kg3 Rb4 40. Ra5
g6 41. Be2 Nf4 42. Bf1 g5 43. f3 Rb1 44. Kf2 Rb2+ 45. Kg3 Rd2 46. h4 Rd5 47.
Rxd5 Nxd5 48. hxg5 hxg5 49. Bd3+ Kg7 50. Be4 Nf4 51. Kf2 f6 52. exf6+ Kxf6 53.
Ke3 Ke5 54. Bb7 Nd5+ 55. Kf2 Kf4 56. Bc8 e5 57. Bb7 Nf6 58. Bc8 e4 59. fxe4
Nxe4+ 60. Kg2 Nf6 61. Be6 Nxg4 62. Bc8 Ne3+ 63. Kg1 Nf5 64. Kg2 g4 65. Bd7 Ne3+
66. Kg1 g3 67. Bc6 Nf5 68. Kg2 Nd4 69. Bb7 Ne2 70. Bc6 1/2-1/2

[Event "C.to Provinciale CO"]
[Site "Villa Guardia ITA"]
[Date "2013.01.27"]
[Round "6"]
[White "Crippa, Matteo"]
[Black "Rossini, Fulvio"]
[WhiteElo "1486"]
[BlackElo "1718"]
[Result "1-0"]
[PlyCount "71"]
[EventDate "2013.01.19"]

1. d4 d5 2. c4 e6 3. Nf3 c6 4. Bf4 Nf6 5. Nc3 Be7 6. e3 O-O 7. Bd3 Nbd7 8. cxd5
exd5 9. O-O Re8 10. Qc2 h6 11. a3 Nh5 12. Bg3 Nxg3 13. hxg3 Nf6 14. Ne5 Ng4 15.
f4 Nxe3 16. Qe2 Nxf1 17. Rxf1 Bd6 18. Qh5 Bxe5 19. fxe5 Be6 20. Ne2 Qg5 21. Qf3
Rf8 22. Nf4 Qg4 23. Qe3 Qg5 24. Qf2 Rac8 25. b4 Ra8 26. Kh2 Bd7 27. Bb1 Bf5 28.
Ba2 Bg6 29. b5 Be4 30. bxc6 bxc6 31. Rc1 Rac8 32. Rc5 Qf5 33. Qe3 Bb1 34. Bb3
Bc2 35. Bxc2 Qxc2 36. Rxc2 1-0

[Event "C.to Provinciale CO"]
[Site "Villa Guardia ITA"]
[Date "2013.01.27"]
[Round "6"]
[White "Fantina, Carla"]
[Black "Rizzi, Pierantonio"]
[WhiteElo "1458"]
[BlackElo "1401"]
[Result "0-1"]
[PlyCount "116"]
[EventDate "2013.01.19"]

1. c4 c5 2. Nc3 e6 3. g3 Nc6 4. Bg2 Nf6 5. e4 d6 6. Nge2 e5 7. O-O Be7 8. h3
Be6 9. d3 Qd7 10. Kh2 a6 11. f4 exf4 12. Nxf4 Qc8 13. Nfd5 Bd8 14. Bf4 Ne5 15.
Nxf6+ Bxf6 16. Nd5 Bxd5 17. cxd5 O-O 18. Qd2 b5 19. Rab1 Qd8 20. b3 a5 21. g4
Bh4 22. d4 cxd4 23. Qxd4 Ng6 24. Bg3 Bf6 25. Qd3 b4 26. Rbe1 Be5 27. Re3 Rc8
28. Bxe5 Nxe5 29. Qd4 Rc2 30. Ra1 Qf6 31. Qd1 Qf4+ 32. Rg3 Rc3 33. Qe1 Rc2 34.
Qe3 Qf6 35. Rf1 Qe7 36. Kg1 Rxa2 37. Qb6 Nd7 38. Qc7 Re8 39. Qc1 Qe5 40. Rgf3
Rf8 41. Rf5 Qd4+ 42. Kh1 Ne5 43. Qf4 Ra3 44. Rb1 a4 45. bxa4 Rxa4 46. Bf1 Ra1
47. Rxa1 Qxa1 48. Kg2 b3 49. Qd2 b2 50. Bd3 Nxd3 51. Rf1 b1=Q 52. Rxb1 Qxb1 53.
Kf3 Ne5+ 54. Kg3 Qg1+ 55. Kf4 Qf1+ 56. Kg3 Qf3+ 57. Kh2 Qxe4 58. Kg3 Nc4 0-1

[Event "C.to Provinciale CO"]
[Site "Villa Guardia ITA"]
[Date "2013.01.27"]
[Round "6"]
[White "Gonella, Daniele"]
[Black "Buonocore, Elio"]
[WhiteElo "2141"]
[BlackElo "2189"]
[Result "1-0"]
[PlyCount "65"]
[EventDate "2013.01.19"]

1. e4 e5 2. Nf3 Nc6 3. Bb5 f5 4. Nc3 fxe4 5. Nxe4 Nf6 6. Qe2 Qe7 7. d3 d5 8.
Ned2 e4 9. dxe4 dxe4 10. Nd4 Bd7 11. Nxc6 bxc6 12. Bc4 Bg4 13. Qe3 Qe5 14. Nb3
Bd6 15. Bd2 Nd5 16. Qd4 e3 17. Bxe3 Nxe3 18. Qxe3 O-O-O 19. Qxe5 Bxe5 20. c3
Kb7 21. h3 Bf5 22. O-O Kb6 23. Rfe1 Bf6 24. Re2 a5 25. Nd2 a4 26. a3 Kc5 27.
Bf7 Rd7 28. Bh5 Bd3 29. Re6 Bf5 30. Re2 Bd3 31. Re3 Rb8 32. Rd1 Rd6 33. Rxd3
1-0

[Event "C.to Provinciale CO"]
[Site "Villa Guardia ITA"]
[Date "2013.01.27"]
[Round "6"]
[White "Gonella, Graziano"]
[Black "Lotti, Riccardo"]
[WhiteElo "1181"]
[BlackElo "1353"]
[Result "0-1"]
[PlyCount "107"]
[EventDate "2013.01.19"]

1. e4 d6 2. Nf3 Bg4 3. Be2 Bxf3 4. Bxf3 Nf6 5. e5 Nfd7 6. Bxb7 c6 7. Bxa8 Nxe5
8. d4 Ng6 9. Be3 d5 10. Nc3 e6 11. Na4 Qa5+ 12. c3 Bd6 13. O-O O-O 14. Bd2 Qc7
15. g3 Nd7 16. Bxc6 Qxc6 17. b4 e5 18. Rb1 exd4 19. b5 Qc7 20. cxd4 Nb6 21. Rc1
Qd7 22. Nxb6 axb6 23. Rc6 Ne7 24. Rxb6 Bc7 25. Rb7 Nc8 26. Bf4 Nd6 27. Qb3 Nxb7
28. Bxc7 Qxc7 29. Qxd5 Rd8 30. Qc6 Qd7 31. Qxd7 Rxd7 32. Re1 g6 33. Re4 Nd6 34.
Re5 f6 35. Rd5 Kf7 36. b6 Ke6 37. Rc5 Nb7 38. Rc6+ Kd5 39. Rc7 Rxc7 40. bxc7
Nd6 41. a4 Kc6 42. a5 Kb5 43. Kf1 Kxa5 44. Ke2 Kb6 45. Kd3 Kxc7 46. d5 Kb6 47.
Kd4 Nb5+ 48. Ke3 Nd6 49. f4 Nf5+ 50. Kf3 Kc5 51. h4 Kxd5 52. g4 Nd4+ 53. Ke3 h6
54. Kd3 0-1